00678nam a2200169 a 450000100100000000500170001000800410002704000250006810000310009324500830012426000370020730000210024449000210026583000280028695201770031499900170049100004020820201002034001.0130815s1957 sp 000 0 spa d aDO-SdBNPbspacBNPHU1 aGállego, Julián96647510aMi portera, París y el arte :bcrónicas imaginarias /cJulián Gállego. aBarcelona :bSeix Barral,c1957. a176 p. ;c20 cm.1 aBiblioteca breve 0aBiblioteca breve913442 001050718MOaGRbGRcCTd2013-08-20iLF1l0o p40208-10r2020-06-25w2020-06-25y1zPerteneció a la biblioteca personal de Aída Cartejena PortalatínZNo se presta c39698d39698